[Event "Madrid Magistral 7th"]
[Site "Madrid"]
[Date "1998.05.19"]
[Round "7"]
[White "Beliavsky, Alexander G"]
[Black "Adams, Michael"]
[Result "1/2-1/2"]
[WhiteElo "2690"]
[BlackElo "2670"]
[Annotator "Ribli,Z"]
[PlyCount "88"]
[EventDate "1998.05.11"]
[EventType "tourn"]
[EventRounds "9"]
[EventCountry "ESP"]
[EventCategory "17"]
[SourceTitle "CBM 065"]
[Source "ChessBase"]
[SourceDate "1998.08.06"]
[SourceVersion "1"]
[SourceVersionDate "1998.08.06"]
[SourceQuality "1"]

1. d4 Nf6 2. c4 e6 3. g3 d5 4. Nf3 dxc4 5. Bg2 Nc6 {Eine schlaue Variante.
Nach 6.0-0 Rb8 (6...a6 ist auch interessant) bereitet Schwarz ...b7-b5 vor und
es ist nicht leicht für Weiß, den Bauern zurückzugewinnen. Ribli.} 6. Qa4 Nd7 (
6... Bb4+ 7. Bd2 Bd6 $5 {Das ist Kramniks Idee: Der weiße Läufer steht
unglücklich auf d2 und Schwarz bereitet ...e6-e5 mit ungefähr gleichen Chancen
vor.}) 7. Qxc4 Nb6 8. Qd3 e5 {Dieses zeitweilige Bauernopfer führt zu
Vereinfachungen.} 9. Nxe5 (9. Be3 $5 exd4 (9... Nb4 10. Qb5+ Bd7 11. Qxe5+ Be7
12. Na3 O-O 13. O-O {Weiß besitzt einen Mehrbauern, aber seine Dame steht
schlecht auf e5 und Schwarz hat gutes Figurenspiel. Es ist die Frage, ob dies
als Kompensation ausreichend ist.} Re8 $13 {[%csl Re5]} (13... N6d5 14. Bd2 Bf6
15. Qh5 $13)) 10. Nxd4 Nxd4 11. Bxd4 Bb4+ 12. Nc3 $14 {[%csl Gd4,Gg2]}) (9.
dxe5 $2 Qxd3 10. exd3 Nb4 $36 {[%csl Rd3,Re5][%cal Rb4c2,Rb4d3]}) 9... Nb4 10.
Qc3 Qxd4 11. O-O (11. Qxd4 $2 Nc2+ $15 {[%csl Re1][%cal Rc2d4,Rc2e1]}) 11...
Qxc3 12. Nxc3 Bd6 {Das war seinerzeit Tukmakovs Idee.} (12... g6 13. Nb5 Na6 {
[%csl Ra6]} 14. Bf4 $14) 13. Nf3 (13. Bf4 $2 g5 $17) 13... c6 {[%csl Gb7,Gc6,
Rg2] Schwarz hat die Bauernmehrheit am Damenflügel, aber er muß vorsichtig
sein, denn der katalanische Läufer kontrolliert den schwarzen Damenflügel. Der
Partiezug richtet sich gegen diesen Läufer auf g2 und schafft einen Vorposten
auf d5.} (13... Bd7 14. a3 (14. Ne4 $14 {[%csl Rd6]}) 14... N4d5 15. Nxd5 Nxd5
16. Nd4 c6 17. Rd1 (17. Bxd5 cxd5 18. Bf4 Bc5 19. Nb3 Bb6 20. a4 a5 21. Rfc1
O-O 22. Bc7 Ra6 23. Bxb6 Rxb6 24. Nxa5 Rxb2 25. Rc7 Bh3 26. Rxb7 Rxe2 27. Nc6
Rfe8 {1-0 Kachiani Gersinska,K-Hunt,H/Agency 1997 (62)}) 17... Rd8 18. Bxd5
cxd5 19. Bf4 Bxf4 20. gxf4 Ke7 21. Rd3 Rc8 22. Rad1 Kf6 23. Kg2 Rc7 24. R1d2 {
1/2-1/2 Razuvaev,Y-Dautov,R/Reggio Emilia 1995 (36)}) (13... O-O $2 14. Nb5 $14
{[%csl Gb5,Rc7,Rd6]}) 14. Rd1 Be7 $5 (14... Bc7 15. Be3 $14 {[%cal Ge3c5,Gc5b4,
Gc5f8]}) 15. Nd4 (15. e4 $5 $14 {[%csl Yd4] Es ist meines Erachtens logisch,
die Mehrheit im Zentrum zu mobilisieren.}) 15... O-O 16. a3 (16. e4 Bf6 {
Und Schwarz droht 17...Bxd4 nebst 18...Nc2.}) 16... N4d5 17. Nxd5 Nxd5 18. Bd2
$6 (18. e4 $14) (18. Bxd5 cxd5 19. Bf4 $14 {[%csl Rd5] Der weiße Vorteil ist
nur minimal, denn das schwarze Läuferpaar stellt eine gute Kompensation für
den isolierten Damenbauern dar. Wenn es dem Weißen allerdings gelingt, die
schwarzfeldrigen Läufer zu tauschen, hat er spürbaren Vorteil errungen.}) 18...
Rd8 $11 {[%cal Gd8d1]} (18... Bd7) 19. Ba5 Nb6 (19... b6 $2 {Dieser Zug führt
zur Katastrophe.} 20. Nxc6 $18 {[%csl Rd5,Rd8]}) 20. Rd3 Bf6 (20... Bg4 {
[%cal Rg4e2]} 21. Rad1 Bf6 $11 {Mit Zugumstellung wir haben die
Partiefortsetzung.}) 21. Rad1 Bg4 {[%csl Re2] Schwarz hat lebendiges
Figurenspiel und keinerlei Problemen.} 22. h3 $2 {Ein schwerer Fehler für
einen Weltklasse-Spieler.} (22. Kf1 $11) 22... Rxd4 $1 $15 (22... Bxd4 23. hxg4
$14) 23. hxg4 (23. Rxd4 Bxe2 $15 {[%cal Re2d1,Rf6d4]} (23... Bxd4 24. Rxd4 (24.
hxg4 Bxb2 25. Bxb6 axb6 26. Rd7 {und mit Zugumstellung erreichen wir die
Partiefortsetzung.}) 24... Bxe2 25. Bxb6 axb6 26. Rd7 $44 {[%csl Gd7] Und die
Aktivität des Turmes ist genügende Kompensation für den Bauern. Schwarz kommt
praktisch nicht voran.})) 23... Rxd3 (23... Rxg4 $6 24. e4 {[%csl Rg4]} Nc4 (
24... Bxb2 $2 25. Rd8+ $18) 25. Bc3) 24. Rxd3 Bxb2 $15 {Schwarz hat einen
Mehrbauern, aber die Verwertung ist wegen der Doppelbauern schwierig.} (24...
Nc4 25. Bc3 Bxc3 (25... Nxb2 26. Bxb2 Bxb2 27. Rb3 $11 {[%csl Rb7,Rc6]}) 26.
Rxc3 Ne5 $11 (26... Nxb2 $6 27. Rb3 $14 {[%csl Rb7,Rc6][%cal Rb3b2,Rb3b7]}))
25. Bxb6 axb6 26. Rd7 {[%csl Gd7] Weiß kümmert sich nicht um den a-Bauern,
sondern strebt nach Aktivität.} Rb8 (26... Bxa3 27. Rxb7 $11 {[%csl Rb6,Rc6]})
27. a4 h6 28. g5 $5 {Durch dieses zweite Bauernopfer aktiviert Weiß seinen
Läufer.} hxg5 29. Bh3 {[%csl Rb6,Rb7,Gd7,Rg5,Rg7,Gh3]} Kf8 (29... Be5 {[%cal
Ge5c7] Schwarz verhindert 30.Rc7 mit nachfolgendem Turmtausch.} 30. Re7 (30. e3
{Und Weiß kann mit 31.f4 den Läufer verjagen.}) 30... f6 (30... Bd6 31. Rd7)
31. Be6+ $15 {[%csl Ge6,Ge7]}) 30. Rc7 $1 {[%cal Rc7c8,Rc8b8,Rc8f8] Weiß
strebt ein Endspiel mit ungleichfarbigen Läufern an, in dem die
Remiswahrscheinlichkeit angesichts der schwarzen Doppelbauern groß sein dürfte.
} Be5 31. Rc8+ Ke7 (31... Rxc8 32. Bxc8 Ke7 33. Bxb7 {Das ist praktisch die
gleiche Stellung wie in der Partie.}) 32. Rxb8 Bxb8 33. Bc8 {[%csl Rb7]} Kd6
34. Bxb7 {Weiß hat schon nur noch einen Minusbauern und die ungleichfarbigen
Läufer sollten das Remis sicherstellen.} c5 (34... b5 $6 {Dieser Tausch erhöht
die weißen Remischancen.} 35. axb5 cxb5 36. Kf1 $15) 35. Kf1 c4 {[%csl Gc4]}
36. Ke1 Kc5 37. g4 {Weiß stellt die Bauern auf die Felderfarbe seines Läufers.}
(37. Kd2) 37... Kb4 38. Bd5 {[%csl Rc4,Gd5,Rf7]} f6 (38... Kxa4 39. Bxc4 $15) (
38... c3 39. Bxf7 Kxa4 40. Kd1 $11 {Mit folgendem 41.Kc2 blockiert Weiß die
schwarzen Bauern, denn der Läufer bleibt in der g8-a2-Diagonalen. Schwarz kann
sich gegen das Remis nicht wehren.}) 39. Kd1 $11 {[%csl Gd1,Gd5] Der weiße
König erreicht den Damenflügel, um den schwarzen Freibauern zu blockieren.
Schwarz kann seinen materiellen Vorteil nicht verwerten.} Kc3 (39... c3 40. Kc2
Be5 41. Bc6 $11) 40. Bf7 Bd6 41. f3 Bf4 42. Be6 Be3 43. Bf7 Kb3 44. Be6 {
[%cal Ge6b3]} Kc3 {Hier wurde Remis vereinbart. Der schwarze Mehrbauer ist
bedeutungslos.} (44... Kb4 45. Kc2 $11) (44... Kxa4 45. Bxc4 $11) 1/2-1/2

[Event "Hoogovens"]
[Site "Wijk aan Zee"]
[Date "1998.02.01"]
[Round "13"]
[White "Karpov, Anatoly"]
[Black "Kramnik, Vladimir"]
[Result "1/2-1/2"]
[WhiteElo "2735"]
[BlackElo "2790"]
[Annotator "Ribli,Z"]
[PlyCount "42"]
[EventDate "1998.01.16"]
[EventType "tourn"]
[EventRounds "13"]
[EventCountry "NED"]
[EventCategory "17"]
[SourceTitle "CBM 063"]
[Source "ChessBase"]
[SourceDate "1998.03.26"]
[SourceVersion "1"]
[SourceVersionDate "1998.03.26"]
[SourceQuality "1"]

1. d4 Nf6 {Eine kleine Überraschung. Kramnik spielt nicht seine Hauptwaffe -
die Slawische Verteidigung. Ribli.} 2. c4 e6 3. Nf3 d5 4. g3 dxc4 5. Bg2 Nc6 6.
Qa4 {Das ist die beste Möglichkeit für Weiß. Sonst (z.B. nach 6.0-0) kann
Schwarz mit späterem ...b7-b5 seinen Mehrbauern verteidigen, was zu unklaren
Verwicklungen führt.} Bb4+ 7. Bd2 Bd6 $5 $146 {Eine nach meiner Meinung gut
vorbereitete Neuerung Kramniks. Schwarz plant ...e6-e5 und erlangt nach
folgendem Tauschen im Zentrum die Majorität am Damenflügel, was ihm gleiche
Chancen bietet.} (7... Nd5 8. Bxb4 Ndxb4 9. O-O Rb8 10. Nc3 a6 11. Ne5 O-O 12.
Nxc6 Nxc6 13. Bxc6 bxc6 14. Qxc6 (14. Qxc4 Rxb2 15. Rab1 Rb6 16. Na4 (16. Qc5
h6 $5 (16... Re8 17. a4 Rxb1 $6 18. Rxb1 Qd6 19. Qxd6 cxd6 20. Ne4 d5 21. Nd6
Rf8 22. Rb8 Bd7 23. Rb7 Rd8 24. Rc7 Be8 25. Nb7 Ra8 26. a5 {1-0 Kachiani
Gersinska,K-Klovans,J/Schoeneck 1996 (43)}) 17. Rfd1 Rxb1 18. Rxb1 Qd6 19. Ne4
Qd5 20. Qxd5 cxd5 21. Nc5 Re8 22. Rb8 Kf8 23. f4 Ke7 24. Kf2 g5 25. Ke3 gxf4+ {
1/2-1/2 Khalifman,A-Ivanov,S/St.Petersburg-ch 1996 (46)}) 16... Rb5 17. Nc3 {
1/2-1/2 Kochyev,A-Lau,R/Dortmund-C (04)/1991}) 14... Qxd4 15. Rfd1 Qe5 16. Rd2
Rb4 17. Rad1 Bb7 18. Qd7 Qc5 $13 {~~ Rashkovsky,N-Ivanov,S/Russia (ch) 1995})
8. O-O (8. Qxc4 O-O 9. O-O) (8. Bg5) (8. Nc3 O-O 9. e4 e5 10. dxe5 (10. d5 Nd4
$15 {[%csl Gd4]}) 10... Nxe5 11. Nxe5 Bxe5 12. Qxc4 $11) (8. Bc3 O-O 9. Nbd2 $5
a6 10. Qxc4 $14) (8. Na3 $6 Bxa3 (8... O-O $6 9. Nxc4 $14) 9. bxa3 Qd5 $15)
8... O-O 9. Qxc4 e5 10. dxe5 (10. d5 $5 Ne7 11. Nc3 c6 12. dxc6 Nxc6 13. Rfd1
$14) (10. Nc3 $6 exd4 11. Nxd4 Nxd4 12. Qxd4 Bxg3 13. Qxd8 Rxd8 14. hxg3 Rxd2
15. Rfd1 Rxd1+ 16. Rxd1 Kf8 $15) 10... Nxe5 11. Nxe5 (11. Qc2) 11... Bxe5 {
Schwarz hat eine feste Stellung und der weiße Katalanischläufer wird mit ...
c7-c6 gestoppt.} 12. Bc3 Qe7 $5 $11 {Der Partiezug ist noch stärker als der
sofortige Läufertausch. Schwarz hat keinerlei Eröffnungsprobleme. Es ist
interessant, daß Kramnik dank seiner Neuerung 7...Bd6 so leicht ausgleichen
kann.} (12... Bxc3 13. Nxc3 c6 14. Rfd1 $14) 13. Bxe5 (13. Bb4 Bd6 (13... Qe6
14. Qc2 (14. Qxe6 Bxe6 15. Bxf8 Bxb2 $15)) 14. Bxd6 Qxd6 15. Nc3) 13... Qxe5
14. Nc3 c6 {Wir haben eine strategisch interessante Stellung:  Schwarz
unterbindet die Aktivität des katalanischen Läufers auf g2 mit seinem
Bauernaufbau b7-c6. Aber das bedeutet zugleich, daß seine Bauernmehrheit am
Damenflügel nicht beweglich ist, während Weiß später mit e4 und f4 Raum im
Zentrum und am Königsflügel gewinnen kann.} 15. Rfd1 Be6 16. Qb4 {[%csl Gb4]
[%cal Rb4b7]} Rab8 {Schwarz verteidigt den Bauern mit dem Turm und seine Dame
steht aktiv im Zentrum.} (16... Qc7 $11) 17. Rd2 (17. Rac1 a5 18. Qd6 Qxd6 19.
Rxd6 Rfd8 $11) 17... a5 $5 {Schwarz attakiert die weiße Dame, die beste Figur
im weißen Lager.} 18. Qb6 (18. Qd6 Qxd6 19. Rxd6 Rfd8 20. Rad1 Rxd6 21. Rxd6
Kf8 $11) 18... Nd7 {Leider muß Weiß seine aktive Damenstellung aufgeben und
tauschen.} 19. Qd4 (19. Qa7 Qc5 20. Qxc5 Nxc5 21. Rad1 Rfe8) 19... Qxd4 20.
Rxd4 Rfd8 21. Rad1 Kf8 {Und in dieser gleichen Stellung wurde Remis gegeben.
Schwarz spielt einfach 22...Ke7 und 23...Nc5. Weiß hat keinen Vorteil. Ribli.}
1/2-1/2

[Event "WchT 4th"]
[Site "Luzern"]
[Date "1997.10.30"]
[Round "6.4"]
[White "Anastasian, Ashot"]
[Black "Kaidanov, Gregory S"]
[Result "0-1"]
[WhiteElo "2545"]
[BlackElo "2600"]
[Annotator "Ribli,Z"]
[PlyCount "188"]
[EventDate "1997.10.25"]
[EventType "team-tourn"]
[EventRounds "9"]
[EventCountry "SUI"]
[SourceTitle "CBM 062"]
[Source "ChessBase"]
[SourceDate "1998.01.31"]
[SourceVersion "1"]
[SourceVersionDate "1998.01.31"]
[SourceQuality "1"]
[WhiteTeam "Armenia"]
[BlackTeam "US of America"]
[WhiteTeamCountry "ARM"]
[BlackTeamCountry "USA"]

1. Nf3 d5 2. g3 c5 3. Bg2 Nc6 4. d4 {Weiß spielt eigentlich eine
Grünfeld-Indische Verteidigung mit dem Mehrtempo Bg2.} (4. O-O e5 $11) 4... Nf6
5. O-O e6 (5... cxd4 6. Nxd4 e5 7. Nxc6 bxc6 8. c4 $14) 6. c4 dxc4 7. Qa4 Bd7 (
7... cxd4 8. Nxd4 Qxd4 9. Bxc6+ Bd7 10. Rd1 $14 (10. Be3 $14)) 8. Qxc4 b5 (8...
cxd4 9. Nxd4 Rc8) 9. Qd3 (9. Qxb5 $2 Nxd4 10. Qd3 Bb5 $17) (9. Qc2 $2 cxd4 $17
{Und Weiß hat keine Kompensation für den Bauern.}) 9... Rc8 10. dxc5 (10. Bg5
$5) (10. Nc3) 10... Bxc5 11. Nc3 {Wir haben eine typisch katalanische Stellung
auf dem Brett. Die Bauernstellung ist symmetrisch, aber Schwarz hat einige
Schwächen (der Punkt d6 und der Pb5), während der Bg2 die große Diagonale
unter seiner Kontrolle hat. Sein Gegenspieler, der Bd7, hat eine recht
genügsame Position eingenommen.} O-O {Dieser natürliche Entwicklungszug
verschafft Schwarz keinen Ausgleich.} (11... b4 $5 12. Ne4 (12. Nb5 O-O 13. Be3
Bxe3 14. Qxe3 Ne7 15. Nd6 Rc7 16. Ne5 Bc6 17. Nxc6 Qxd6 18. Nxe7+ Qxe7 19. Rfc1
Rfc8 20. Rxc7 Rxc7 21. a3 {1/2-1/2 Ehlvest,J-Sokolov,A/Belfort WCup 1988})
12... Nxe4 13. Qxe4 Ne7 (13... Qe7 14. Bg5 f6 15. Be3 Bxe3 16. Qxe3 O-O 17. a3
Rb8 18. Rfd1 Rfd8 19. axb4 Rxb4 20. Nh4 Rbb8 21. Ra6 Be8 22. Rxd8 Nxd8 23. Rxa7
{Dunnington,A-Richardson,J/Rotherham Carlton Park 1997/1/2-1/2 (70)}) 14. Ne5
Bb5 15. Be3 Qb6 16. Bxc5 Rxc5 17. a4 bxa3 18. bxa3 Qc7 19. Nd3 Rc3 20. Rab1
Bxd3 21. exd3 O-O {Cummings,D-Van der Sterren,P/Antwerp op 1995/0-1 (52)}) (
11... a6) (11... Nb4) 12. Bg5 Nb4 13. Bxf6 $1 {Ein wichtiger Zwischenzug, der
die schwarze Bauernstruktur schwächt.} gxf6 14. Qd2 $14 {[%csl Rg8][%cal Rd2h6]
} (14. Qe4 f5 (14... Bc6 $5) 15. Qf4 Bc6 16. Rad1 Qe7 17. Ne5 Be8 18. e4 f6 19.
Nf3 fxe4 20. Nxe4 Nd5 21. Qg4+ Kh8 22. Nxc5 Rxc5 23. Nd4 Bd7 24. Rfe1 e5 25.
Nf5 Bxf5 26. Qxf5 {1-0 Smejkal,J-Radulov,I/Smederevska Palanka 1982/MCL 03 (39)
}) 14... Bc6 (14... Kg7 15. a3 Na6 16. Rad1 $14 {[%csl Ra6]}) 15. Qh6 Re8 (
15... Qe7 16. Rad1 Rfd8 17. a3 Nc2 18. Rxd8+ Qxd8 19. Rd1 Qb6 20. Qxf6 Bxf2+
21. Kh1 Ne3 22. Rd4 h5 23. Qg5+ Kf8 24. Qh6+ Kg8 25. Qg5+ Kf8 {1/2-1/2 Pribyl,
J-Ivkov,B/Nice olm 1974/MCD-ol}) 16. Rad1 Bf8 17. Qh5 Qe7 (17... Qb6 18. Qh4
Be7 $5 (18... Kg7 19. Rd4 $40 {[%cal Rd4g4,Rg4g7]}) (18... f5 19. Ng5) (18...
Bxf3 19. Bxf3 Rc4 20. Ne4 $16) 19. Rd4 Bxf3 20. Bxf3 f5) 18. a3 $5 $146 (18.
Rd4 f5 19. Rh4 Bg7 $6 (19... f6 $5) 20. Qxh7+ $14 Kf8 21. Ne1 $1 Red8 22. a3
Bxg2 23. Nxg2 Nd5 24. Nxd5 Rxd5 25. Nf4 Rd2 26. Nh5 Qg5 $2 27. Nxg7 Qxg7 28.
Qh8+ {1-0 Barbero,G-Zichichi,A/San Bernardino 1988}) 18... Bxf3 (18... Na6 19.
Nxb5 $16) (18... Nd5 19. Nd4 Nxc3 20. Nxc6 Rxc6 21. Bxc6 Nxd1 22. Bxe8 $18) 19.
Bxf3 Nc6 (19... Rc5 20. Qg4+ Rg5 21. Qxb4 $18) 20. Nxb5 {Weiß hat einen
Mehrbauern und die bessere Bauernstrutkur. Schwarz macht sich aufgrund der
ungleichfarbgien Läufer noch kleine Remishoffnungen.} (20. Qxb5 $16) 20... Red8
21. Qg4+ Kh8 22. Rxd8 (22. Qa4 $16) (22. Bxc6 Rxc6 23. Rxd8 Qxd8 24. Qa4 $16)
22... Qxd8 23. Qa4 Qb6 24. Rc1 (24. b4 a6 25. Nc3 (25. Nd6 Bxd6 26. Rc1 Ne7 27.
Rxc8+ Nxc8 28. Qe8+ Kg7 29. Qxc8 a5 $11) 25... Nxb4 26. axb4 Rxc3 $11) (24. Rd1
Bc5 25. e3 $5) 24... Bc5 {[%cal Rb6g1]} 25. Kg2 (25. Nd6 Bxd6 26. Rxc6 Rxc6 27.
Qxc6 Qxc6 28. Bxc6 Be5 $14) (25. Bxc6 Rxc6 (25... Qxc6 26. Rc3 Qb6 $44) 26. e3
a6 27. Nd4 Qxb2 $14) (25. e3 a6 (25... Bxe3 26. Rxc6 Rxc6 27. Bxc6 Bxf2+ 28.
Kg2 Bg1 29. Qc2 $18) 26. Nc3 Bxe3 $13) 25... Ne7 $1 {Schwarz befreit sich von
der Feßlung und droht 26...Bxf2. Und nach 26...a6 hängt der Pb2.} 26. e3 (26.
Rxc5 $5 Rxc5 27. Qxa7 Qxb5 (27... Qxa7 28. Nxa7 Ra5 29. Nc6 Nxc6 30. Bxc6 $14)
28. Qxe7 $16) 26... a6 27. Nc3 (27. Nd4 Qxb2) 27... Qxb2 $13 {Schwarz hat
bereits materielles Gleichgewicht erreicht und droht nun 28...Qxc1 und 28...
Qxa3 zugleich.} 28. Rc2 Qxa3 29. Qh4 $44 {Weiß hat einen Bauern weniger, aber
die schwarze Königsstellung ist angreifbar.} f5 (29... Kg7 30. Ne4 Nd5 31. Nxf6
Nxf6 32. Qg5+ $36) 30. Na4 Bd6 31. Rd2 $6 {Das ist meiner Meinung nach riskant.
Weiß spielt auf Gewinn, anstatt mit Dauerschach das Remis zu erzwignen.} (31.
Qf6+ Kg8 32. Qg5+ Kf8 33. Rxc8+ Nxc8 34. Qd8+ Kg7 35. Qg5+ $11) 31... Ng6 32.
Qd4+ Be5 33. Qd7 Rc7 34. Qd8+ Kg7 35. Nb6 {Weiß besitzt Initiative und aktives
Figurenspiel, aber Schwarz kann die Drohungen abwehren.} Qe7 $15 36. Qd3 (36.
Qxe7 Nxe7 37. Ra2 Ra7 $15) 36... a5 37. Nc4 Qc5 {Zum Unglück von Weiß hat sein
starker katalanischer Läufer praktische keine Funktionen, während der schwarze
Freibauer auf der a-Linie mit der Unterstützung des Be5 gefährlich ist.} 38.
Rc2 Bf6 39. Na3 Qe7 40. Rxc7 Qxc7 41. Nc4 Qc5 $17 {Nach der Zeitkontrolle hat
Schwarz klaren Vorteil, aber die ungleichfarbigen Läufer stellen den
Nachziehenden noch vor technische Probleme.} 42. Qb3 Ne7 {Schwarz muß den
Springer auf dem Brett halten, um sich seine Gewinnchancen aufrecht zu
erhalten.} (42... Ne5 $6 43. Nxe5 Bxe5 $15) 43. Nb6 Qb4 44. Qxb4 axb4 45. Bd1
$8 {Weiß muß den Bauern blockieren. Ich möchte anmerken, daß die Partie -ohne
Springer auf dem Brett- wahrscheinlich remis wäre, da die ungleichfarbige
Läufer nur für Weiß gut sind.} Nc6 46. Nc4 Kf8 {[%cal Rf8e7,Re7d7] Der
schwarze König kommt ins Spiel.} 47. Nd2 Ke7 48. Kf1 Bc3 49. Nb3 {[%csl Gb3]
Weiß hat eine solide Verteidigungsstellung aufgebaut. Der Nb3 blockiert den
gegnerischen Freibauern.} Ne5 50. Be2 Kd6 51. Ba6 {Die weißen Leichtfiguren
schließen die wichtigen Eindringungsfelder am Damenflügel, aber Schwarz hat
viele Mittel, seine Stellung zu verbessern. Das wichtigste Prinzip im Endspiel
ist - nur nicht zu eilen.} Kc6 52. h3 {Richtet sich gegen das eventuelle ...
Ng4.} Nd7 53. Ke2 Kb6 $1 {Schwarz vertreibt den Läufer von der Diagonale a6-f1.
} 54. Bd3 (54. Bc8 $2 Nb8 55. Kd3 Kc7 $19 {[%csl Rc8]}) 54... Ne5 55. Bc2 {
Ich glaube, es ist besser für Weiß, diesen Läufer zu behalten. Ein Endspiel B
vs. N ist auch vorteilhaft für Schwarz.} Kb5 56. f4 (56. Nc1 $5 Kc4 57. Bb3+
Kb5 (57... Kc5 58. Nd3+ $15)) 56... Nd7 57. e4 {Weiß mobilisiert seine
Reserven. Es ist auch richtig, daß jeder Tausch Weiß dem Remisschluß ein
Stückchen näher bringt.} fxe4 58. Bxe4 Nf6 (58... Ka4 $6 59. Bc6+ Kxb3 60. Bxd7
Kc2 (60... Ka2 61. Be8 b3 62. Bxf7 b2 63. Bxe6+ Ka1 64. Bf5) 61. Be8 $1 (61.
Ba4+ b3 $17 {Und Schwarz droht einfach 62...Kb2 nebst 63...Ka2, und der
b-Bauer hat freie Bahn.}) 61... b3 62. Bxf7 b2 63. Bxe6 b1=Q 64. Bf5+) 59. Bd3+
Ka4 60. Nc5+ Ka3 61. Nb7 $15 {[%cal Rb7d6,Rd6f7]} Nd5 62. Bxh7 {Weiß hat das
materielle Gleichgewicht wiederhergestellt, aber Schwarz ist aufgrund seines
gefährlichen Freibauerns immer im Vorteil.} f5 {Schränkt die Bewegungsfreiheit
des weißen Läufers ein.} 63. Nc5 (63. Bg8 Nc7 $15 (63... b3 64. Bxe6 Ne7 (64...
b2 65. Bxf5 $16) 65. Bxb3 {Am einfachsten fuehrt zum Remis.Ribli.})) 63... b3
64. Nxb3 $8 Kxb3 {Schwarz hat eine Figur mehr, aber der Gewinn ist noch schwer.
Das Endspiel zwei Leichtfiguren gegen König ist leicht gewonnen, aber wenn
Weiß seinen Läufer behalten kann, dann ist die Partie totremis. Schwarz muß
fürden Gewinn mindenstens einen Bauern überbehalten.} 65. Bg8 Nc7 66. g4 Kb4 $1
(66... fxg4 67. f5 gxh3 (67... g3 68. Kf3 Be5 69. fxe6 Kc3 (69... Nd5 $4 70. e7
$18 {[%cal Gg8b3]}) 70. e7 $11) 68. Kf3 $11 {Weiß hat eine andere
Remismöglichkeit. Der Läufer und der h-Bauer können bekanntermaßen nicht
gewinnen.}) 67. Kf3 (67. Kd3 $5 fxg4 (67... Bg7 68. gxf5 exf5 69. Bh7 $11) (
67... Nd5 68. gxf5 (68. Bxe6 $2 Nxf4+ $19) 68... Nxf4+ 69. Ke4 e5 70. f6 $11)
68. hxg4 $15 {Meiner Meinung nach lautet das wahrscheinliche Ergebnis dieser
Partie Remis. Das Material ist reduziert, und es ist schwer sich vorzustellen,
wie Schwarz diese Stellung zum Gewinn führen kann.}) 67... fxg4+ 68. hxg4 Kc5
69. f5 e5 70. Ke4 $6 (70. g5 Kd4 71. f6 {Diese Fortsetzung bietet Weiß bessere
Remischancen.}) 70... Ne8 71. g5 Nd6+ 72. Kd3 Bd4 73. Be6 (73. f6) 73... e4+
74. Ke2 Nb5 $17 {Die weißen Bauern sind mobil. Der Plan von Schwarz ist klar.
Er sperrt den gegnerischen König ein, dann gewinnt er die weißen Bauern, und
das resultierende Endspiel mit zwei Leichtfiguren und e-Bauern gegen den
Läufer ist leicht gewonnen.} 75. f6 Nc3+ 76. Ke1 Kd6 77. Bb3 e3 {Der weiße
König ist quasi Patt, so kann sich Schwarz den weißen Bauern widmen.} 78. f7
Ke7 79. g6 Kf8 80. Bc4 Kg7 81. Kf1 {Weiß hat nichts besseres - er muß abwarten.
} Bc5 82. Bd3 Nd5 83. Ke1 (83. Ke2 $2 Nf4+ $19) 83... Nf4 84. Bc4 Kxg6 $19 (
84... Nxg6 $19) 85. Kf1 Kg7 86. Ke1 Ng6 87. Ke2 Ne5 {Schwarz gewinnt den
zweiten Bauern und erreicht eine theoretische Gewinnstellung.} 88. Bb5 Kxf7 89.
Ba6 Ke6 90. Bb5 Kf5 91. Ba6 Kf4 {Weiß hat keine Hoffnung mehr. Der Pe3 ist der
Garant für den schwarzen Sieg.} 92. Bb5 Nf3 93. Bc4 Nd4+ 94. Kd1 Bb4 {Und Weiß
gab auf, denn nach 95...Kf3, 96...Kf2 und nach 97...e2 muß er den Läufer geben.
Ribli.} 0-1